000 00503nam a22001817a 4500
003 CEME
005 20210628202650.0
008 210122b xxu||||| |||| 00| 0 eng d
020 _a1-58053-867-3
040 _c.
082 _a681.2 BUL
100 _aBulusu, Nirupama,Jha, Sanjay
_960980
245 _aWireless sensor networks
260 _aNEW YORK
_bARTECH HOUSE
_c2005
300 _aXV,321 P
650 _aSENSOR NETWORKS, WIRELESS COMMUNICATION SYSTEMS.WIRELESS LANS.
_960981
942 _cBK
_2ddc
999 _c570565
_d570565